000 00296nam a22001337a 4500
008 171010b xxu||||| |||| 00| 0 eng d
020 _a9781269234641
041 _aeng
080 _a316
100 _a50
101 _aSOC
245 _aPEARSON CUSTOM SOCIOLOGY
_cTIEMANN, K.A
942 _2udc
_cBK
999 _c32820
_d32820